Consumer Behavior Buying, Having, and Being
Na minha lista:
| Autor principal: | |
|---|---|
| Formato: | Livro |
| Idioma: | inglês |
| Publicado em: |
Harlow
PEARSON
2018
|
| Edição: | 12th Edition |
| Colecção: | Always Learning
|
| Assuntos: | |
| Tags: |
Sem tags, seja o primeiro a adicionar uma tag!
|
MARC
| LEADER | 00000nam a2200000 4500 | ||
|---|---|---|---|
| 001 | 0277234 | ||
| 005 | 20240517110236.7 | ||
| 020 | |a 978-1-292-15310-0 | ||
| 020 | |a 1-292-15310-5 | ||
| 041 | 0 | |a eng | |
| 044 | |a GB | ||
| 245 | 1 | 0 | |a Consumer Behavior |b Buying, Having, and Being |c Michael R. Solomon |
| 250 | |a 12th Edition | ||
| 264 | 1 | |a Harlow |b PEARSON |c 2018 | |
| 300 | |a 623 s. | ||
| 490 | 1 | |a Always Learning | |
| 830 | 0 | |a Always Learning | |
| 610 | 2 | 0 | |a správanie spotrebiteľa |
| 610 | 2 | 0 | |a nákup |
| 610 | 2 | 0 | |a motivácia |
| 610 | 2 | 0 | |a spotrebitelia |
| 610 | 2 | 0 | |a osobnosť |
| 610 | 2 | 0 | |a štýl životný |
| 610 | 2 | 0 | |a komunikácia |
| 610 | 2 | 0 | |a rozhodovanie |
| 610 | 2 | 0 | |a triedy spoločenské |
| 610 | 2 | 0 | |a kultúra |
| 100 | 1 | |a Solomon, Michael R. | |